| 000 | 00649nam a22002057a 4500 | ||
|---|---|---|---|
| 003 | 0 | ||
| 005 | 20241016132903.0 | ||
| 008 | 241016b xxu||||| |||| 00| 0 eng d | ||
| 020 | _a9798888363591 | ||
| 050 |
_aHG 4026 _b.H45 2024 |
||
| 100 |
_aHelberg, Jensen, _eauthor. |
||
| 245 |
_aFoundations of financial management / _cJensen Helberg. |
||
| 260 |
_aNew York, NY : _bLarsen & Keller, _c2024. |
||
| 300 |
_aviii, 215 p. : _bcol. ill. ; _c27 cm. |
||
| 504 | _aIncludes bibliographical references and index. | ||
| 650 |
_aFinance _vManagement. |
||
| 650 |
_aBusiness enterprises _vFinance. |
||
| 650 |
_aCorporations _vFinance. |
||
| 942 |
_2lcc _cBK |
||
| 999 |
_c366567 _d366567 |
||